ESSENTIALS OF PHYSICAL EDUCATION FOR ALL COURSES UGC NET/ SLET EXAMINATION (Record no. 8635)

MARC details
000 -LEADER
fixed length control field 00526nam a22001697a 4500
005 - DATE AND TIME OF LATEST TRANSACTION
control field 20240902141925.0
008 - FIXED-LENGTH DATA ELEMENTS--GENERAL INFORMATION
fixed length control field 240902b |||||||| |||| 00| 0 eng d
020 ## - INTERNATIONAL STANDARD BOOK NUMBER
ISBN 978-93-5359-138-6
041 ## - LANGUAGE CODE
Language code of text/sound track or separate title eng
082 ## - DEWEY DECIMAL CLASSIFICATION NUMBER
Classification number 670.7 SIN
100 ## - MAIN ENTRY--AUTHOR NAME
Personal name SINGH, PROF AJMER BARAR, & R.S. BAINS, DR. JAGDISH, GILL AND JAGTAR, SINGH
245 ## - TITLE STATEMENT
Title ESSENTIALS OF PHYSICAL EDUCATION FOR ALL COURSES UGC NET/ SLET EXAMINATION
260 ## - PUBLICATION, DISTRIBUTION, ETC. (IMPRINT)
Place of publication LUDHIYANA
Name of publisher KALYANI PUBLISHERS
Year of publication 2003
300 ## - PHYSICAL DESCRIPTION
Number of Pages 1237;P
650 ## - SUBJECT ADDED ENTRY--TOPICAL TERM
Topical Term BMLT
942 ## - ADDED ENTRY ELEMENTS (KOHA)
Koha item type Books
Holdings
Lost status Damaged status Collection code Home library Current library Shelving location Date acquired Source of acquisition Cost, normal purchase price Serial Enumeration / chronology Full call number Accession Number Koha item type
    Bachelor of Medical Laboratory Technology JRU Library JRU Library SHELF-72-A 30/08/2024 PURCHASE 795.00 NEW ARRIVALS SHELF 613.7 28402 Books